| 000 | 01772nam a2200313Ia 4500 | ||
|---|---|---|---|
| 999 |
_c54885 _d54885 |
||
| 001 | 21954 | ||
| 003 | GE_BSU | ||
| 005 | 20220909141546.0 | ||
| 008 | 181216s ||||ge |||||||||||||| ||geo|| | ||
| 020 | _a9789941015861 | ||
| 040 | _cGE_BSU | ||
| 041 | _ageo | ||
| 080 | _a81'374.25=353.1 კ-58 | ||
| 100 |
_aკლდიაშვილი, ნინო _914570 |
||
| 245 |
_aსაერთაშორისო სიტყვათა განმარტებითი ლექსიკონი / _cნინო კლდიაშვილი, ლევან კლდიაშვილი, როლანდ ქართველი ; რედ. ავთანდილ ნარიმანიძე. |
||
| 264 |
_aთბილისი : _bიმედი, _c2009. |
||
| 300 |
_a604 გვ. ; _c21 სმ. |
||
| 490 | _aსაერო სასკოლო გამოცემა | ||
| 500 | _aლექსიკონს დართული აქვს ლათინური სიბრძნე | ||
| 500 | _aლექსიკონი განკუთვნილის მოსწავლეებისთვის | ||
| 501 | _aლექსიკოგრაფიული წყაროები გვ. 599 | ||
| 541 | _h19ლ. | ||
| 653 | _aლექსიკონი | ||
| 653 | _aსაერთაშორისო სიტყვათა განმარტებითი ლექსიკონი | ||
| 700 |
_aკლდიაშვილი, ლევან _eავტორი _914571 |
||
| 700 |
_a ქართველი, როლანდ _eავტორი _914572 |
||
| 700 |
_aნარიმანიძე, ავთანდილ _eრედაქტორი _914573 |
||
| 942 |
_cBK _2udc |
||